| 000 | 00841nam a2200265 a 4500 | ||
|---|---|---|---|
| 001 | BRCA_7910 | ||
| 005 | 20190320210041.0 | ||
| 008 | 170214s1964----gw-a######---#000-0#ger-# | ||
| 041 | _ager | ||
| 044 | _agw | ||
| 050 | 4 |
_aNB193 _b.B37 1964 |
|
| 245 | 1 | 0 |
_aBarock-Plastik in Europa _chrsg. von Harald Busch und Bernd Lohse ; einleitung von Werner Hager ; bilderlauteringen von Eva Maria Wagner. |
| 260 |
_aFráncfort del Meno _bUmschau _cc1964 |
||
| 300 |
_axxxix p. _bil., 216 láminas _c27 cm. |
||
| 440 | 0 |
_aMonumente des Abendlandes _919564 |
|
| 500 | _aY195 | ||
| 650 | 1 | 4 |
_aEscultura barroca _97867 |
| 650 | 1 | 4 |
_aEscultura _zEuropa _919565 |
| 700 | 1 |
_aBusch, Harald _eed. _919566 |
|
| 700 | 1 |
_aLohse, Bernd _eed. _919567 |
|
| 700 | 1 |
_aHager, Werner _919568 |
|
| 700 | 1 |
_aWagner, Eva Maria _919569 |
|
| 902 | _aGFM | ||
| 942 |
_2lcc _cB |
||
| 999 |
_c7582 _d7582 |
||